00568nam a2200193Ia 4500003000400000005001700004008004100021020001800062040000600080041001200086082002200098100002000120245015600140250001200296260003100308300001800339440000900357650000800366OSt20240910131228.0240126s9999 xx 000 0 und d a9788186976784 c0 aEnglish a344.046 POD;1 R aPoddar, Alpana. 0aLal's encyclopaedia on environment protection and pollution laws : along with allied laws, state acts, rules, notifications and latest amendments Vol.1 a5th ed. bDelhi Law HouseaNew Delhi aciv, 1624+I66 aNULL a123